| 000 | 01019nam a22003857a 4500 | ||
|---|---|---|---|
| 005 | 20241121144008.0 | ||
| 008 | 191114b xxu||||| |||| 00| 0 spa d | ||
| 020 | _a9781456262518 | ||
| 041 | _aspa | ||
| 082 | _a658.3 W499a | ||
| 100 |
_aWerther, William B. _93397 |
||
| 100 | _aDavis, Keith. | ||
| 245 | _aAdministración de Recursos Humanos | ||
| 260 | _aMéxico | ||
| 260 | _bMcGraw Hill | ||
| 260 | _c2018 | ||
| 300 | _a267 páginas | ||
| 650 | _aADMINISTRACIÓN DE PERSONAL | ||
| 650 | _aRECURSOS HUMANOS | ||
| 650 | _aDESAÍOS DEL ENTORNO | ||
| 650 | _aSECCIÓN DE PERSONAL | ||
| 650 | _aCAPITAL HUMANO | ||
| 650 | _aRECLUTAMIENTO | ||
| 650 | _aENTREVISTAS | ||
| 650 | _aIDENTIFICACIÓN DEL TALENTO | ||
| 650 | _aEVALUACIÓN DEL DESEMPEÑO | ||
| 650 | _aADMNISTRACIÓN DE SUELDOS | ||
| 650 | _aINDUCCIÓN | ||
| 650 | _aCAPACITACIÓN | ||
| 650 | _aSINDICATOS | ||
| 650 | _aSEGURIDAD E HIGIENE | ||
| 650 | _aSISTEMAS DE INFORMACIÓN | ||
| 942 |
_cBK _2ddc |
||
| 999 |
_c12473 _d12473 |
||